NPB2024シーズン 12球団チーム内成績1位の選手(パリーグ編) - Statistics

General Stats
  • This quiz has been taken 611 times
  • The average score is 43 of 59
Answer Stats
Hint Answer % Correct
打率 近藤 健介 314
97%
本塁打 山川 穂高 34
97%
打点 山川 穂高 99
97%
盗塁 周東 佑京 41
97%
本塁打 レイエス 25
89%
打点 レイエス 65
89%
安打 万波 中正 128
88%
防御率 伊藤 大海 2.65
87%
勝利 伊藤 大海 14
87%
奪三振 伊藤 大海 161
87%
勝利 有原 航平 14
85%
盗塁 松本 剛 20
84%
ホールド 松本 祐樹 23
84%
本塁打 ポランコ 23
83%
セーブ オスナ 24
83%
本塁打 浅村 栄斗 14
82%
打点 浅村 栄斗 60
82%
防御率 モイネロ 1.88
82%
奪三振 モイネロ 155
82%
セーブ 田中 正義 20
82%
打点 ソト 88
78%
安打 ソト 132
78%
奪三振 今井 達也 187
78%
安打 栗原 陵矢 144
74%
打率 源田 壮亮 264
74%
安打 源田 壮亮 138
74%
盗塁 源田 壮亮 12
74%
勝利 宮城 大弥 7
73%
奪三振 宮城 大弥 139
73%
セーブ 則本 昂大 32
72%
勝利 小島 和哉 12
71%
セーブ 益田 直也 25
71%
安打 西川 龍馬 134
70%
盗塁 西川 龍馬 11
70%
打率 辰己 涼介 294
69%
安打 辰己 涼介 158
69%
打率 森 友哉 281
69%
打点 森 友哉 46
69%
防御率 早川 隆久 2.54
68%
勝利 早川 隆久 11
68%
奪三振 早川 隆久 160
68%
打率 佐藤 都志也 278
67%
本塁打 佐藤 隆世 7
67%
ホールド 佐藤 隼輔 17
67%
防御率 種市 篤暉 3.05
66%
奪三振 種市 篤暉 148
66%
打点 外崎 修汰 41
64%
盗塁 小郷 裕哉 32
61%
防御率 武内 夏暉 2.17
61%
勝利 武内 夏暉 10
61%
打率 郡司 裕也 256
59%
ホールド 鈴木 昭汰 27
58%
セーブ マチャド 23
58%
盗塁 岡 大海 11
55%
本塁打 セデーニョ 15
54%
ホールド 河野 竜生 33
48%
セーブ アブレイユ 26
45%
ホールド 古田島 成龍 24
32%
ホールド 酒居 知吏 26
20%
No matching quizzes found
Score Distribution
Percent of People with Each Score
Percentile by Number Answered
Your Score History
You have not taken this quiz